000 01012cam a22003131 4500
001 27981
003 BD-RjUL
005 20211209051226.0
008 140329s1963 fi 001 0 fre d
035 _a(BD-RjUL)28062
035 _a(OCoLC)870144
040 _aDLC
_cNSyU
_dDLC
_dBD-RjUL
_beng
041 _aeng
082 0 4 _a971
_bBRH V-2 1963
100 1 _aBrunet, Michel
_985841
245 1 0 _aHistoire du Canada par les textes /
_cEd Frégault Guy.
_nTome II :
_p1855-1960
250 _aÉd. rev. et augm.
260 _aMontréal :
_bFides,
_c1963.
300 _a281 p. ;.
_c24 cm.
500 _aFirst ed. by Michel Brunet, Guy Frégault, and Marcel Trudel.
504 _aIncludes Index
505 0 _at. 1. 1534-1854, par G. Frégault et M. Trudel.--t. 2. 1855-1960, par M. Brunet.
651 0 _aCanada
_xHistory
_xSources.
_985834
700 1 _aFrégault, Guy,
_ecomp.
_985835
700 1 _aTrudel, Marcel,
_ecomp.
_985836
942 _2ddc
_cBK
999 _c27981
_d27981